000 00732nam a22002172 4500
001 0000004230
005 20151217145759.0
008 070521s xx 000 0 eng d
020 _a0130304174 :
040 _aKABU
_cKABU
050 0 _aQA377
_b.K43
100 1 _aKeane, Michael K.
_@0000154687
245 1 2 _aA Very applied first course in partial differential equations /
_cMichael K. Keane.
260 _aUpper Saddle River, NJ :
_bPrentice Hall,
_cc2002.
300 _axix, 507 p. :
_bill. ;
_c24 cm.
504 _aIncludes bibliographical references (p. 501-503) and index.
650 0 _aDifferential equations, Partial.
_@0000154660
908 _a070521
950 _@1
999 _c2550
_d2550